000 03585nam a22003257a 4500
003 OSt
005 20210414161320.0
008 210414s2008 ck ab||gr|||| 001 0 spa d
020 _a9789589849903
040 _aCO-JMCR
_cCO-JMCR
041 0 _aspa
082 0 4 _a338.0986146 /
_bM737d
_223
100 1 _aMoncayo Jiménez, Édgard,
_edirector
_926216
245 1 0 _aDinámicas regionales de la industrialización :
_banálisis comparativo de Cundinamarca y Bogotá, D.C. /
_cÉdgard,Moncayo Jiménez ; Yanod Márquez Aldana, Gustavo Peralta Mahecha, investigadores asociados ; Gonzalo Cómbita Mora, investigador asistente ; Alicia Rico Atencio, coordinadora administrativa
250 _aPrimera edición
260 _aBogotá :
_bUniversidad Central,
_c2008
300 _a213 páginas :
_bilustraciones y mapas a blanco y negro ;
_c22 cm.
500 _aIncluye notas a pie de página e índice de mapas.
504 _aBibliografía: páginas 171-190
505 0 _aCambio estructural y crecimiento económico: un marco conceptual -- Las transformaciones espaciales de la economía colombiana -- Dinámicas del crecimiento departamental y especialización productiva -- Crecimiento y productividad globales y del sector manufacturero de Cundinamarca y Bogotá, en el contexto nacional -- Análisis de las ramas dinámicas de la industria de Cundinamarca -- Localización industrial en Bogotá y Cundinamarca -- Elementos para una política industrial de Cundinamarca concentrada en Bogotá
520 3 _aDesde mediados de la decada de los setenta del siglo pasado, la economía colombiana ha experimentado un persistente proceso de desindustrialización, que muy generosamente incidió en la reducción de las tasas globales de crecimiento que se observó desde esa época hasta el primer lustro del siglo XXI. No obstante, el rezago del sector industrial no ha sido generalizado en todos los departamentos del país, sino que se presento principalmente en los entables industriales más maduros y de mayor tamaño, como son los de Bogotá, Antioquia y Valle del Cauca. En contraste, la actividad manufacturera ha continuado creciendo en regiones de industrialización más recientes y relativamente periférica, como Santander, Bolívar, Cauca y Cundinamarca. Interesa destacar que el segundo conjunto de los departamentos mencionados ha tenido un mejor desempeño en términos de crecimiento que el primero. Lo anterior revela que la industrialización no solo sigue siendo viable, sino que es una condición necesaria de desarrollo, aún en el marco de un modelo de economía abierta, como el que se practica en Colombia desde hace casi dos decenios. En este estudio se adelanta un estudio comparativo de las dinámicas industriales -de signo opuesto- en Cundinamarca y Bogotá, identificando los sectores responsables de los respectivos comportamientos, sus características tecnológicas y las tendencias de localización de las nuevas empresas en el territorio cundinamarqués. Se concluye proponiendo la necesidad de una política industrial integral y concretada entre dos entidades territoriales.
650 1 4 _aIndustrialización
_zCundinamarca (Colombia)
_936845
650 2 4 _aIndustrialización
_zCundinamarca (Colombia)
_936845
650 2 4 _aProducto interno bruto
_zCundinamarca (Colombia)
_936846
700 1 _aMárquez Aldana, Yanod,
_einvestigador
_936847
700 1 _aPeralta Mahecha, Gustavo,
_einvestigador
_936848
700 1 _aCómbita Mora, Gonzalo,
_einvestigador
_936849
700 1 _aRico Atencio, Alicia,
_ecoordinadora
_936850
942 _2ddc
_cBK
999 _c15541
_d15541